000 01452cam a22003857a 4500
003 CHAP
005 20220329142646.0
008 020814d2002 mx a r 00110 spa d
010 _a86086
011 _a87058
035 _a97599
040 _cCHAP
090 _aTesis
100 0 0 _aLagunes Espinosa, Héctor.
_964462
245 1 0 _aDiseño y construcción de un sistéma de control automático mediante un manipulador electroneumático
_c/por Héctor Lagunes Espinosa y Miguel Ángel Hernández Bautista
260 _aChapingo, Méx. :
_bEl autor,
_c2002.
300 _a149 h. :
_bilus. : gráfs. : anexos
502 _aTesis (Ing. Mecanico Agrícola) -- UACHA. Departamento de Ingenieria Mecánica Agrícola
590 _aALEPH
_b10
_c20130110
_lUCH01
_h1448
590 _aBATCH-UPD
_b10
_c20130110
_lUCH01
_h0745
590 _aBATCH-UPD
_b10
_c20130410
_lUCH01
_h0426
590 _aBATCH-UPD
_b10
_c20130914
_lUCH01
_h1039
590 _aCONVERSION
_b10
_c20130109
_lUCH01
_h1348
650 1 4 _aControl automático.
_927578
650 1 4 _aMecánica agrícola.
_973815
650 1 4 _aRobots en agricultura.
_998142
650 1 4 _aRobots.
_998140
650 1 4 _aSistemas de control.
_9106742
700 0 0 _aHernández Bautista, Miguel Ángel.
_953844
901 _aBK
905 _aMayto Villalobos S.
942 _cFOLL
949 _aTesis
_bBC
_cTES
_d33724000849873
_eTS2
_fc.2
_h39583
_i97599
_si
949 _aTesis
_bBC
_cTES
_d97599123
_eTS1
_h39582
_i97599
_sb
999 _c86086
_d86086